|
|
|
|
| LEADER |
00000nam a2200000 4500 |
| 001 |
vtls012243608 |
| 003 |
SK-MaSNL |
| 005 |
20260301134923.0 |
| 008 |
231108 1987 xo 000 0 slo |
| 020 |
|
|
|q (brožované)
|
| 040 |
|
|
|a SNK
|b slo
|c SNK
|e rda
|
| 041 |
0 |
|
|a cze
|
| 044 |
|
|
|a xo
|c SK
|
| 072 |
|
7 |
|2 konspekt
|
| 080 |
|
|
|2 2011
|
| 100 |
1 |
|
|a Kučerová, Stanislava,
|d 1927-
|4 aut
|9 119423
|
| 245 |
1 |
0 |
|a Profesionální činnosti a vzdělávaní vedoucích pedagogických pracovníků
|c Stanislava Kučerová
|
| 250 |
|
|
|a 1. vydanie
|
| 264 |
|
1 |
|a Bratislava
|b Slovenské pedagogické nakladateľstvo v Bratislave
|c 1987
|
| 300 |
|
|
|a 148 strán
|c 20 cm
|
| 336 |
|
|
|a text
|b txt
|2 rdacontent
|
| 337 |
|
|
|a bez média
|b n
|2 rdamedia
|
| 338 |
|
|
|a zväzok
|b nc
|2 rdacarrier
|
| 999 |
|
|
|c 758530
|d 760460
|
| 952 |
|
|
|a SNK
|b SNK
|y PREZ
|7 0
|p 17A1028098
|o snkSD 59464
|i snkKSP 9869/87
|0 0
|1 0
|4 0
|d 2023-11-13
|l 0
|r 2026-02-23 23:56:08
|w 2026-02-23
|
| 952 |
|
|
|a SNK
|b SNK
|y VYP
|7 0
|p 17A1345701
|o snkSD 59465 D1
|i snkKSP 9870/87
|0 0
|1 0
|4 0
|d 2023-11-13
|l 0
|r 2026-02-23 23:56:08
|w 2026-02-23
|